<?xml version="1.0" encoding="UTF-8"?>
<marc:record xmlns:marc="http://www.loc.gov/MARC21/slim">
   <marc:leader>00000nam a2200000 a 4500</marc:leader>
   <marc:datafield ind1="1" ind2=" " tag="100">
      <marc:subfield code="a">Schmidt, Irmin</marc:subfield>
      <marc:subfield code="4">aut</marc:subfield>
      <marc:subfield code="e">Verfasser/-in</marc:subfield>
   </marc:datafield>
   <marc:datafield ind1="1" ind2=" " tag="100">
      <marc:subfield code="a">Schröder, Bernd</marc:subfield>
      <marc:subfield code="4">aut</marc:subfield>
      <marc:subfield code="e">Verfasser/-in</marc:subfield>
   </marc:datafield>
   <marc:datafield ind1="1" ind2=" " tag="100">
      <marc:subfield code="a">Millowitsch, Mariele</marc:subfield>
   </marc:datafield>
   <marc:datafield ind1="1" ind2=" " tag="100">
      <marc:subfield code="a">Occhini, Ilaria</marc:subfield>
   </marc:datafield>
   <marc:datafield ind1="1" ind2=" " tag="100">
      <marc:subfield code="a">Bliefert, Ulrike</marc:subfield>
   </marc:datafield>
   <marc:datafield ind1="1" ind2=" " tag="100">
      <marc:subfield code="a">Millowitsch, Willy</marc:subfield>
   </marc:datafield>
   <marc:datafield ind1="1" ind2=" " tag="100">
      <marc:subfield code="a">Cucciolla, Riccardo</marc:subfield>
   </marc:datafield>
   <marc:datafield ind1="0" ind2="0" tag="245">
      <marc:subfield code="a">Pizza Colonia</marc:subfield>
   </marc:datafield>
   <marc:datafield ind1="0" ind2="0" tag="245">
      <marc:subfield code="c">Schauspieler: Riccardo Cucciolla, Willy Millowitsch, Ulrike Bliefert, Ilaria Occhini, Mariele Millowitsch, Eberhard Feik, Mario Adorf, Özay Fecht, Michele Oliveri; Musik: Irmin Schmidt; Kamera: Theo Bierkens; Drehbuch: Bernd Schröder; Produktion: Gerhard </marc:subfield>
   </marc:datafield>
   <marc:datafield ind1=" " ind2="1" tag="264">
      <marc:subfield code="a">Potsdam</marc:subfield>
      <marc:subfield code="b">filmwerte GmbH</marc:subfield>
      <marc:subfield code="c">2022</marc:subfield>
   </marc:datafield>
   <marc:datafield ind1="1" ind2=" " tag="520">
      <marc:subfield code="a">Die Gäste im "Ristorante Francesco" bekommen viel geboten. Das Essen ist ausgezeichnet und wenn man Glück hat, gibt es gratis einen Familienkrach dazu, daß die Zabaione auch ohne Schlagen steif wird. Francesco ist seit 30 Jahren in Deutschland, hat immer gut für die Familie gesorgt. Doch jetzt kommt es knüppeldick. Seine Freundin Hilde hat Probleme mit ihm, seine Frau Severina fällt aus allen Wolken, als sie erfährt, daß er sie seit 18 Jahren betrügt, die Kinder und Enkel können kaum noch italienisch. Zu allem Überdruß hat sein bester Freund Karlheinz Eheprobleme und als das heimliche Oberhaupt und Geldgeber der Familie auftaucht, fängt der Spaß erst richtig an.</marc:subfield>
   </marc:datafield>
   <marc:datafield ind1=" " ind2=" " tag="041">
      <marc:subfield code="a">ger</marc:subfield>
   </marc:datafield>
   <marc:datafield ind1=" " ind2=" " tag="300">
      <marc:subfield code="a">1 Online-Ressource (84 min), Bild: 16:9 SD</marc:subfield>
   </marc:datafield>
</marc:record>
